Early Life on Earth (Record no. 29260)

MARC details
000 -LEADER
fixed length control field 00480nam a2200181Ia 4500
020 ## - INTERNATIONAL STANDARD BOOK NUMBER
ISBN 9781032198484
050 ## - CALL MARK
Classification number QH 366.2 .S84/
100 ## - STATEMENT OF RESPONSIBILITY--MAIN AUTHOR NAME
Personal name Sugitani, Kenichiro.
245 #0 - TITLE STATEMENT
Title Early Life on Earth
260 ## - PUBLICATION, DISTRIBUTION, ETC. (IMPRINT)
Place of publication Boca Raton
260 ## - PUBLICATION, DISTRIBUTION, ETC. (IMPRINT)
Name of publisher CRC Press
260 ## - PUBLICATION, DISTRIBUTION, ETC. (IMPRINT)
Year of publication 2022
300 ## - PHYSICAL DESCRIPTION
Number of Pages Xxi, 331p.: ill.
650 ## - SUBJECT ADDED ENTRY--TOPICAL TERM
Topical Term Biological Evolution Biodiversity Archaea Origin of Life Fossils
942 ## - ADDED ENTRY ELEMENTS (KOHA)
Koha item type Books
Holdings
Withdrawn status Lost status Source of classification or shelving scheme Damaged status Not for loan Permanent Location Current Location Date acquired Accession Number Price effective from Koha item type
    Library of Congress Classification     NILE UNIVERSITY OF NIGERIA - MAIN LIBRARY NILE UNIVERSITY OF NIGERIA - MAIN LIBRARY 04/23/2025 0198289 04/23/2025 Books